000 00717nam a2200265Ia 4500
005 20260302114431.0
008 008 260114s9999 xx 000 0 eng d
020 _a9781474299220
037 _aTextbook
040 _aCRL
040 _beng
040 _cCRL
041 _2eng
041 _aeng
084 _qCRL
100 _aZahi Zalloua
_91117572
245 0 _aContinental Philosophy and the Palestinian Question Beyond the Jew and the Greek
260 _bBloomsbury
260 _bBloomsbury Academic
260 _c2017
650 _aPhilosophy
856 _uhttps://dx.doi.org/10.5040/9781474299220?locatt=label:secondary_bloomsburyCollections
942 _cEBOOK
999 _c1682535
_d1682535